000 00618nam a2200241Ia 4500
003 OSt
005 20220924143446.0
006 a|||||r|||| 00| 0
007 ta
008 220923b |||||||| |||| 00| 0 urd d
020 _c100.00
024 _a308249
037 _cTextual
040 _aARTS
_cARTS
_burd
041 _2urd
_aurd
082 _aO113,1x, 168N9
100 _aAhmad Maneeruddin
_9215832
245 0 _aMain use dhoondta phira
260 _c1999
650 _aGERMAN LITERATURE
_915713
942 _hO113,1x, 168N9
_cTEXL
_2CC
999 _c454540
_d454540